000 00533nam a2200181Ia 4500
005 20250508154606.0
008 008 250505s9999 xx 000 0 eng d
037 _aTextual
040 _aFEDL
_beng
_cFEDL
041 _aeng
_2eng
084 _a913.54, SEN
_qFEDL
100 _aSen D Ed.
_9765685
245 0 _aStudies in prehistory : Rebert bruce foote memorial volume
260 _aCalcutta, India
_bFirma K L Mukhopadhyay
_c1966
300 _a194p.
942 _cTEXL
_h913.54, SEN
999 _c1351080
_d1351080